000 00709nam a2200241Ia 4500
005 20260429112010.0
008 260429s9999||||xx |||||||||||||| ||und||
020 _a9781032442976
041 _aEnglish
082 _a378.198
_bHAR
100 _aHartlep, Nicholas D.
245 0 _aBelonging in higher education :
_bperspectives and lessons from diverse faculty /
_cNicholas D. Hartlep
250 _a1st ed.
260 _aNew Delhi :
_bRoutledge,
_c2025.
300 _axxxv, 205 p.; pbk
650 _a Academic community
650 _a Higher education
650 _a Inclusion
650 _aFaculty diversity
700 _a Bonner II, Fred A.
700 _a Strayhorn, Terrell L.
942 _cTB
999 _c51818
_d51818